000
00308nam a22001457a 4500
008
210125b ||||| |||| 00| 0 eng d
020
_a
9789951273053
041
_a
eng
080
_2
71
_a
71
082
_2
71
100
_a
0
101
_a
GJL
245
_a
Margaritare fjalesh
_c
Mezini,M
942
_2
udc
_c
BK
999
_c
55093
_d
55093